000 00771nas a2200265 4500
001 BR8901249
003 BR-BrBNA
005 20231205091459.0
007 ta
008 230509b bl.|||p| |||| 00| 00por d
040 _aBR-BrBNA
_bpor
_cBiblioteca Nacional de Agricultura
041 _a(Pt)
072 _aP07
100 1 _aValente, O.F.
245 1 _aCarbonizacao de madeira de eucalipto
650 _aEUCALIPTO
650 _aCARVAO VEGETAL
650 _aCARBONIZACAO
650 _aLENHA
650 _aMADEIRA
650 _aFORNO
773 0 _tInforme Agropecuario - Empresa de Pesquisa Agropecuaria de Minas Gerais (Brazil)
_xISSN 0100-3364
_g(Sep 1986), v. 12(141) p. 74-79
_wBR8901249
909 _a202311
_bLúcia
_c55
_dLúcia Elande
942 _2AGRIS
_n0
_cANA
999 _c125372
_d125372